000 00488nam a2200181Ia 4500
005 20250326125620.0
008 250326s9999 xx 000 0 und d
037 _aTextbook
040 _aFMSL
_beng
_cFMSL
041 _aeng
_2eng
084 _aX5:512 J7
_qFMSL
100 _aHaas K B
_9736425
245 0 _aHow to develop successful salesmen
_cHaas K B
260 _aNY
_bNY, McGraw-Hill
_c1957
300 _a290p
942 _cTB
_hX5:512 J7
999 _c1278811
_d1278811